NAJPOPULARNIEJSZE MARKI AUTA W POLSCE - Statystyki

Ogólne statystyki
  • Ten quiz został rozwiązany 6 821 razy
  • Średni wynik to 5 z 6
Statystyki odpowiedzi
Odpowiedź % Poprawnych
AUDI
92%
BMW
92%
FIAT
71%
OPEL
70%
VOLKSWAGEN
68%
SKODA
67%
Nie znaleziono quizów pasujących do podanych kryteriów
Rozkład punktacji
Procent ludzi z każdym wynikiem
Percentyl według liczby udzielonych odpowiedzi
Twoja historia wyników
Nie rozwiązałeś tego quizu